Shipping and Logistics Management (Record no. 27409)

000 -LEADER
fixed length control field 04235nam a22006255i 4500
001 - CONTROL NUMBER
control field 978-3-031-26090-2
003 - CONTROL NUMBER IDENTIFIER
control field DE-He213
005 - DATE AND TIME OF LATEST TRANSACTION
control field 20240716151651.0
006 - FIXED-LENGTH DATA ELEMENTS--ADDITIONAL MATERIAL CHARACTERISTICS
fixed length control field a|||||o|||| 00| 0
007 - PHYSICAL DESCRIPTION FIXED FIELD--GENERAL INFORMATION
fixed length control field cr nn 008mamaa
008 - FIXED-LENGTH DATA ELEMENTS--GENERAL INFORMATION
fixed length control field 230420s2023 sz | s |||| 0|eng d
020 ## - INTERNATIONAL STANDARD BOOK NUMBER
International Standard Book Number 9783031260902
024 7# - OTHER STANDARD IDENTIFIER
Standard number or code 10.1007/978-3-031-26090-2
Source of number or code doi
040 ## - CATALOGING SOURCE
Transcribing agency imu-kc
050 #4 - LIBRARY OF CONGRESS CALL NUMBER
Classification number HD38.5
072 #7 - SUBJECT CATEGORY CODE
Subject category code KJMV9
Source bicssc
Subject category code BUS087000
Source bisacsh
Subject category code KJMV9
Source thema
082 04 - DEWEY DECIMAL CLASSIFICATION NUMBER
Classification number 658.7
Edition number 23
100 1# - MAIN ENTRY--PERSONAL NAME
Personal name Lun, Y. H. Venus.
Relator term author.
Authority record control number or standard number (orcid)0000-0002-6412-7620
Real World Object URI https://orcid.org/0000-0002-6412-7620
Relationship aut
-- http://id.loc.gov/vocabulary/relators/aut
245 10 - TITLE STATEMENT
Title Shipping and Logistics Management
Medium [electronic resource] /
Statement of responsibility, etc. by Y. H. Venus Lun, Kee-hung Lai, T. C. Edwin Cheng, Dong Yang.
250 ## - EDITION STATEMENT
Edition statement 2nd ed. 2023.
264 #1 - PRODUCTION, PUBLICATION, DISTRIBUTION, MANUFACTURE, AND COPYRIGHT NOTICE
Place of production, publication, distribution, manufacture Cham :
Name of producer, publisher, distributor, manufacturer Springer International Publishing :
-- Imprint: Springer,
Date of production, publication, distribution, manufacture, or copyright notice 2023.
300 ## - PHYSICAL DESCRIPTION
Extent XVII, 320 p. 54 illus., 13 illus. in color.
Other physical details online resource.
336 ## - CONTENT TYPE
Content type term text
Content type code txt
Source rdacontent
337 ## - MEDIA TYPE
Media type term computer
Media type code c
Source rdamedia
338 ## - CARRIER TYPE
Carrier type term online resource
Carrier type code cr
Source rdacarrier
347 ## - DIGITAL FILE CHARACTERISTICS
File type text file
Encoding format PDF
Source rda
505 0# - FORMATTED CONTENTS NOTE
Formatted contents note Part I: Principles of shipping -- International trade and shipping -- Freight rate mechanism -- Bulk shipping market -- Container shipping market -- Part II: Shipping business -- Business strategy in shipping -- Growth of firms -- Fleet mix decision -- Liner shipping network -- Part III: Intermodal container transport -- Container transport chain -- Intermodal transport system -- Managing empty containers -- Container transport security -- Part IV: Port management -- Port operations -- Managing container terminals -- Agile port -- Port development -- Part V: Emerging issues in shipping -- Sustainability in shipping -- Shipping risk -- Security and safety -- Technological applications.
520 ## - SUMMARY, ETC.
Summary, etc. This book explains global trends and strategies in the shipping business, looking at the role of logistics service providers and at how information technology can help shipping operations. It also introduces best practices and advice that will allow professionals to improve the management of shipping and logistics activities. The book consists of sections examining shipping and trade, business strategies for shipping, intermodal container transport operations, and ports. This new edition adds a new fifth section with four new chapters that discusses contemporary issues in shipping. The new chapters are related to risk management in shipping, shipping security and safety, environmental and social sustainability, and a review of new technologies in the shipping industry and their future potential. An invaluable source of information for researchers and advanced, or graduate, students, Shipping and Logistics Management is also a useful reference for shipping practitioners and consultants.
650 #0 - SUBJECT ADDED ENTRY--TOPICAL TERM
Topical term or geographic name entry element Business logistics.
Topical term or geographic name entry element Shipping.
Topical term or geographic name entry element Industrial engineering.
Topical term or geographic name entry element Production engineering.
Topical term or geographic name entry element Production management.
Topical term or geographic name entry element Industrial Management.
Topical term or geographic name entry element Logistics.
Topical term or geographic name entry element Maritime Economics.
Topical term or geographic name entry element Industrial and Production Engineering.
Topical term or geographic name entry element Operations Management.
Topical term or geographic name entry element Industrial Management.
Topical term or geographic name entry element Supply Chain Management.
700 1# - ADDED ENTRY--PERSONAL NAME
Personal name Lai, Kee-hung.
Relator term author.
Authority record control number or standard number (orcid)0000-0001-9296-0882
Real World Object URI https://orcid.org/0000-0001-9296-0882
Relationship aut
-- http://id.loc.gov/vocabulary/relators/aut
Personal name Cheng, T. C. Edwin.
Relator term author.
Authority record control number or standard number (orcid)0000-0001-5127-6419
Real World Object URI https://orcid.org/0000-0001-5127-6419
Relationship aut
-- http://id.loc.gov/vocabulary/relators/aut
Personal name Yang, Dong.
Relator term author.
Authority record control number or standard number (orcid)0000-0002-9239-0899
Real World Object URI https://orcid.org/0000-0002-9239-0899
Relationship aut
-- http://id.loc.gov/vocabulary/relators/aut
710 2# - ADDED ENTRY--CORPORATE NAME
Corporate name or jurisdiction name as entry element SpringerLink (Online service)
773 0# - HOST ITEM ENTRY
Title Springer Nature eBook
776 08 - ADDITIONAL PHYSICAL FORM ENTRY
Relationship information Printed edition:
International Standard Book Number 9783031260896
Relationship information Printed edition:
International Standard Book Number 9783031260919
Relationship information Printed edition:
International Standard Book Number 9783031260926
856 40 - ELECTRONIC LOCATION AND ACCESS
Uniform Resource Identifier <a href="https://doi.org/10.1007/978-3-031-26090-2">https://doi.org/10.1007/978-3-031-26090-2</a>
942 ## - ADDED ENTRY ELEMENTS (KOHA)
Source of classification or shelving scheme
Koha item type E-Book

No items available.

Designed and Maintained by IMU-KC Library, Kolkata Campus © Copyright All Rights Reserved

webs counters

Powered by Koha